Escuela Provincial de Agricultura de Barcelona
Descripción Física:
16 p. ; 17 cm
Materias:
Escuela Provincial de Agricultura
MARC
| LEADER | 00000nam a2200000Ia 4500 | ||
|---|---|---|---|
| 001 | 19569 | ||
| 003 | BGR | ||
| 005 | 20260324180145.0 | ||
| 008 | 160829s1903 xx 000 0 cat d | ||
| 080 | |a 2521 | ||
| 110 | 1 | |a Escuela Provincial de Agricultura |9 70839 | |
| 245 | |a Escuela Provincial de Agricultura de Barcelona | ||
| 260 | |a Barcelona : |b Imprenta de Francisco J. Altés y Alabart, |c 1903 | ||
| 300 | |a 16 p. ; |c 17 cm | ||
| 590 | |a Són les bases generals d'ensenyament de l'Escola | ||
| 610 | 1 | 0 | |a Escuela Provincial de Agricultura |9 70839 |
| 901 | |a Arxiu | ||
| 942 | |n 1 |2 udc |c MON | ||
| 952 | |0 0 |1 0 |4 0 |6 2521 |7 1 |9 54308 |a Arxiu |b Arxiu |d 2016-12-01 |l 0 |o 2521 |p 19569 |r 2016-12-01 00:00:00 |w 2016-12-01 |y ARXIU | ||
| 999 | |c 58177 |d 58177 | ||